Niebla
-д хадгалсан:
| Үндсэн зохиолч: | |
|---|---|
| Формат: | Ном |
| Хэл сонгох: | испани |
| Хэвлэсэн: |
Santiago
Sociedad Editora Revista VEA
1987
|
| Цуврал: | Biblioteca de Oro del Estudiante, 23
|
| Нөхцлүүд: | |
| Шошгууд: |
Шошго нэмэх
Шошго байхгүй, Энэхүү баримтыг шошголох эхний хүн болох!
|
MARC
| LEADER | 00000nam a2200000 a 4500 | ||
|---|---|---|---|
| 001 | UCG3663 | ||
| 003 | CL-VaPUC | ||
| 008 | 100909e19870700CL |||||||||||||||||spa|d | ||
| 082 | 0 | 4 | |a 863 |b UNA |2 21 |
| 100 | 0 | |a Unamuno, Miguel de |e author |9 312478 | |
| 245 | 1 | 0 | |a Niebla |
| 300 | |a 157 p | ||
| 942 | |c BK | ||
| 945 | |d 20100909 00:00:00 |a mfarfan | ||
| 260 | |a Santiago |b Sociedad Editora Revista VEA |c 1987 | ||
| 500 | |a Incluye resúmenes, análisis y biografía por Raúl Velozo Farias | ||
| 650 | 0 | |a Literatura española |9 306261 | |
| 650 | 0 | |a Escritores españoles |9 318145 | |
| 650 | 0 | |a Novelas españolas |9 265052 | |
| 583 | |a last modification |c 20100909 00:00:00 |k Rodrigo Vera | ||
| 490 | 0 | |a Biblioteca de Oro del Estudiante, 23 | |
| 999 | |c 342710 |d 342708 | ||